LEADER 01597nam a2200349 i 4500 001 000000187850 003 CaOOAMICUS 005 20180605000000.0 008 180605s2013 it u000 u ita u 013 $a165974 020 $a978-88-6512-223-5 040 $aSeMil$bita 100 0 $aIoannes XXIII,$c.$0(OLS)http://semarc/name/1335 245 13$aLa Sacra Scrittura e San Lorenzo Giustiniani :$blettera pastorale per la Quaresima 1956 /$cAngelo Giuseppe Roncalli Giovanni 23. 260 $aVenezia :$bMarcianum Press,$ccopyr. 2013. 300 $a91 p., [1] p. di tav. ;$c18 cm. 490 0 $aStrumenti di comunicazione ;$v7 500 $aDono del Card. Angelo Scola. 600 14$aGiustiniani, Lorenzo .$0(OLS)http://semarc/subject/3607 650 4$aGiovanni XXIII - Scritti e discorsi.$0(OLS)http://semarc/subject/532 830 0$aStrumenti di comunicazione ;$v7.$0(OLS)http://semarc/title/400515 850 $aSeMil 852 $aSeMil$W1$xVenegono$y1$m3H VI 341$j138537$B138537$CSeMilBibl$Z2$F149996 $81 900 1 $aRoncalli, Angelo Giuseppe,$d<1881-1963>. 900 0 $aGiovanni XXIII$c. 941 1 $a6 961 $aOmaggio: Scola Card. Angelo 996 $6020$a978-88-6512-223-5$9(OLS)http://semarc/number/274259 996 $6245$aLa Sacra Scrittura e San Lorenzo Giustiniani :$blettera pastorale per la Quaresima 1956$9(OLS)http://semarc/title/409146 996 $6260$aVenezia :$bMarcianum Press$9(OLS)http://semarc/publisher/31536 LEADER 00950nam a2200253 i 4500 001 000000128478 003 CaOOAMICUS 005 20240724170318.0 008 040726s1966 it u000 u ita u 013 $a101205 040 $aSeMil$bita 100 1 $aLin, Yutang <1895-1976>.$0(OLS)http://semarc/name/34176 240 10$aLady Wu.$0(OLS)http://semarc/title/189899 245 10$aMadame Wu :$bromanzo /$cLin Yutang. 260 $aMilano :$bGarzanti,$c1966. 300 $a247 p. ;$c18 cm. 490 0 $aGarzanti per tutti. Romanzi e realtà ;$v42 830 0$aGarzanti per tutti. Romanzi e realtà ;$v42.$0(OLS)http://semarc/title/7181 850 $aSeMil 852 $aSeMil$W1$xVenegono$y1$m60 60 42 *$j82702$B82702$CSeMilBibl$Z2$F85064 $81 961 $aRecupero: Deposito 996 $6245$aMadame Wu :$bromanzo$9(OLS)http://semarc/title/189898 996 $6260$aMilano :$bGarzanti$9(OLS)http://semarc/publisher/29852